| 000 | 02159nac a22003491u 4500 | ||
|---|---|---|---|
| 008 | 090301t xxu||||| |||| 00| 0 eng d | ||
| 010 | _a 2006035825 | ||
| 020 | _a978001285803 (alk. paper) | ||
| 020 | _a0071285806 (alk. paper) | ||
| 035 | _a(OCoLC)ocm74649107 | ||
| 035 | _a(OCoLC)74649107 | ||
| 082 | 0 | 0 |
_a658.4 _bIVA |
| 100 | _aIvancevich, John M. | ||
| 245 | 1 | 0 |
_aOrganizational behavior and management / _cJohn M. Ivancevich, Robert Konopaske, Michael T. Matteson. |
| 250 |
_a8th ed. _bMcGraw-Hill International ed. |
||
| 260 |
_aBoston : _bMcGraw-Hill/Irwin,c2008. _cc2008. |
||
| 300 |
_axvii, 606 p. : _bill. ; _c26 cm. |
||
| 504 | _aIncludes bibliographical references (p. 533-572) and indexes. | ||
| 650 | 0 | _aOrganizational behavior. | |
| 700 | 1 | _aKonopaske, Robert. | |
| 700 | 1 | _aMatteson, Michael T. | |
| 856 | 4 | 1 |
_3Table of contents only _uhttp://www.loc.gov/catdir/toc/ecip073/2006035825.html |
| 856 | 4 | 1 |
_3Publisher description _uhttp://www.loc.gov/catdir/enhancements/fy0705/2006035825-d.html |
| 856 | 4 | 1 |
_3Contributor biographical information _uhttp://www.loc.gov/catdir/enhancements/fy0737/2006035825-b.html |
| 942 |
_cBB _k658.4IVA _2ddc |
||
| 999 |
_c10978 _d10978 |
||